Top 25 Transfers - Football Season 2010/11 - Statistics

General Stats
  • This quiz has been taken 53 times
  • The average score is 18 of 25
Answer Stats
From To Nat Pos Fee Player % Correct
Liverpool Chelsea ESP ST €58.50m Fernando Torres
100%
Ajax Liverpool URU ST €26.50m Luis Suárez
98%
FC Barcelona Manchester City CIV CM €30.00m Yaya Touré
96%
Benfica Real Madrid ARG RW €33.00m Ángel Di María
94%
Wolfsburg Manchester City BIH ST €37.00m Edin Dzeko
94%
Inter Manchester City ITA ST €29.50m Mario Balotelli
94%
Benfica Chelsea BRA CB €25.00m David Luiz
92%
Valencia FC Barcelona ESP ST €40.00m David Villa
92%
Newcastle Liverpool ENG ST €41.00m Andy Carroll
90%
Valencia Manchester City ESP CAM €28.75m David Silva
90%
Lazio Manchester City SRB LB €23.86m Aleksandar Kolarov
88%
Liverpool FC Barcelona ARG CDM €20.00m Javier Mascherano
88%
Manchester Ctiy Milan BRA LW €21.00m Robinho
85%
Werder Bremen Real Madrid GER CAM €18.00m Mesut Özil
83%
Benfica Chelsea BRA CM €22.00m Ramires
67%
Aston Villa Manchester City ENG CM €22.00m James Milner
65%
Hoffenheim FC Bayern BRA CDM €17.00m Luiz Gustavo
60%
Juventus Wolfsburg BRA CAM €15.50m Diego
58%
Rennes Sunderland GHA ST €16.00m Asamoah Gyan
56%
Sunderland Aston Villa ENG ST €21.50m Darren Bent
48%
Toulouse Marseille FRA ST €16.00m André-Pierre Gignac
33%
Porto Zenit POR CB €22.00m Bruno Alves
33%
Bordeaux Olympique Lyon FRA CAM €22.00m Yoann Gourcuff
31%
Hoffenheim Rubin Kazan BRA CAM €20.00m Carlos Eduardo
15%
Sampdoria Inter ITA ST €18.00m Giampaolo Pazzini
8%
No matching quizzes found
Score Distribution
Percent of People with Each Score
Percentile by Number Answered
Your Score History
You have not taken this quiz